Benson Boone Songs By Emojis-Part 1 - Statistics

General Stats
  • This quiz has been taken 159 times
    158 since last reset
  • The average score is 7 of 9
Answer Stats
Hint Answer % Correct
👻🏙️ Ghost Town
98%
☕️🍰 Coffee Cake
93%
⬆️✨✨ In The Stars
93%
🍬🍭🍫 Sugar Sweet
89%
🍷🧠 Drunk In My Mind
78%
💀🤞🏼❤️ Death Wish Love
71%
🐢⬇️ Slow it Down
71%
👫🏽➡️🧍🏽‍♂️ Better Alone
64%
👫🏽 Room For Two
23%
No matching quizzes found
Score Distribution
Percent of People with Each Score
Percentile by Number Answered
Your Score History
You have not taken this quiz since the last reset